[Event "Australian Junior Championship U18 2017"]
[Site "?"]
[Date "2017.01.22"]
[Round "8.1"]
[White "Yang, Ray"]
[Black "Mikkelsen, Max"]
[Result "0-1"]
[WhiteElo "2011"]
[BlackElo "1712"]
[PlyCount "88"]
[EventDate "2017.??.??"]

1. d4 e6 2. c4 b6 3. e4 Bb7 4. Nc3 Bb4 5. Bd3 f5 6. f3 Qh4+ 7. g3 Qh5 8. exf5
Ne7 9. fxe6 dxe6 10. Be4 Bxe4 11. fxe4 Qg6 12. Qe2 Nbc6 13. Nf3 O-O-O 14. a3
Bxc3+ 15. bxc3 Rdf8 16. Bf4 Qf6 17. O-O h6 18. Be5 Qg6 19. c5 Kb7 20. cxb6 axb6
21. c4 Qg4 22. Qd3 Ng6 23. c5 Ngxe5 24. dxe5 Rd8 25. Qc4 Rhf8 26. Kg2 Rxf3 27.
Rxf3 Qxf3+ 28. Kxf3 Nxe5+ 29. Kf4 Nxc4 30. cxb6 cxb6 31. a4 Kc6 32. g4 g5+ 33.
Kf3 Rd3+ 34. Kf2 Kc5 35. h4 gxh4 36. Rh1 h3 37. Rf1 Kd4 38. Kg1 Kxe4 39. Kh2
Ne5 40. a5 Nxg4+ 41. Kh1 bxa5 42. Ra1 Rd1+ 43. Rxd1 Nf2+ 44. Kh2 Nxd1 0-1

[Event "Australian Junior Championship U18 2017"]
[Site "?"]
[Date "2017.01.22"]
[Round "8.2"]
[White "White, Henry"]
[Black "Harris, Timothy"]
[Result "0-1"]
[WhiteElo "1610"]
[BlackElo "1636"]
[PlyCount "106"]
[EventDate "2017.??.??"]

1. e4 c5 2. Be2 Nc6 3. f4 g6 4. Nf3 Bg7 5. O-O d6 6. d3 Bg4 7. Nbd2 e6 8. h3
Bxf3 9. Nxf3 Nge7 10. c3 O-O 11. Be3 a6 12. d4 cxd4 13. cxd4 Rc8 14. Qd2 Qa5
15. Qxa5 Nxa5 16. Rac1 b5 17. b3 d5 18. e5 Nf5 19. Bf2 Nc6 20. g4 Nfe7 21. a3
Na5 22. b4 Nc4 23. Rc3 Rc7 24. Rfc1 Nc8 25. Ne1 N8b6 26. Bd1 f6 27. h4 fxe5 28.
fxe5 Rcf7 29. R1c2 Nxe5 30. dxe5 Bxe5 31. Rc6 Nc4 32. Rxe6 Nxa3 33. Re2 Nc4 34.
Nd3 Bc3 35. Re8 Bxb4 36. Nxb4 Rxf2 37. Rxf2 Rxe8 38. Nxd5 Rd8 39. Bf3 Ne5 40.
Nc7 Nxf3+ 41. Rxf3 Rd4 42. Rf8+ Kxf8 43. Ne6+ Ke7 44. Nxd4 Kd6 45. Nb3 Kd5 46.
Kf2 Kc4 47. Na5+ Kd3 48. Kf3 b4 49. Nb3 Kc3 50. Nc1 b3 51. Ne2+ Kd2 52. Ng3 b2
53. Ne4+ Kc2 0-1

[Event "Australian Junior Championship U18 2017"]
[Site "?"]
[Date "2017.01.21"]
[Round "8.5"]
[White "Gong, Michael"]
[Black "Parle, Hughston"]
[Result "0-1"]
[WhiteElo "1626"]
[BlackElo "1846"]
[PlyCount "64"]
[EventDate "2017.??.??"]

1. c4 Nf6 2. Nc3 g6 3. g3 Bg7 4. Bg2 O-O 5. Nf3 d6 6. O-O e5 7. d3 c6 8. Rb1 a5
9. Bg5 h6 10. Bd2 Be6 11. Qc1 Kh7 12. e4 Na6 13. Be3 Ng4 14. Ne1 f5 15. f4 fxe4
16. Nxe4 exf4 17. gxf4 d5 18. Nc5 Qe7 19. Nxa6 Rxa6 20. cxd5 Nxe3 21. Qxe3 cxd5
22. Bxd5 Rd8 23. f5 Rxd5 24. fxe6 Bd4 25. Qxd4 Qg5+ 26. Ng2 Rxd4 27. Rf7+ Kg8
28. Rbf1 Qc5 29. e7 Rf4+ 30. d4 Rxf1+ 31. Rxf1 Qxe7 32. d5 Qc5+ 0-1

[Event "Australian Junior Championship U18 2017"]
[Site "?"]
[Date "2017.01.22"]
[Round "9.3"]
[White "White, Henry"]
[Black "Yang, Ray"]
[Result "0-1"]
[WhiteElo "1610"]
[BlackElo "2011"]
[PlyCount "68"]
[EventDate "2017.??.??"]

1. e4 e6 2. d4 d5 3. Nc3 Bb4 4. e5 c5 5. Bd2 Nh6 6. Bxh6 gxh6 7. a3 Bxc3+ 8.
bxc3 Nc6 9. Qd2 Qa5 10. Nf3 Bd7 11. Bd3 O-O-O 12. Rd1 c4 13. Be2 Qxa3 14. O-O
Rdg8 15. Ra1 Qf8 16. Rfb1 h5 17. h4 Qe7 18. Qc1 Kb8 19. Qb2 Bc8 20. Ra6 b6 21.
Ra2 Bb7 22. g3 Rg7 23. Kh2 Rhg8 24. Qc1 f6 25. Qf4 f5 26. Ng1 Qc7 27. Qf3 Ne7
28. Rba1 a6 29. Qxh5 Ng6 30. f4 Qd8 31. Qf3 Nxh4 32. gxh4 Qxh4+ 33. Nh3 Rg3 34.
Qf1 Re3 0-1

[Event "Australian Junior Championship U18 2017"]
[Site "?"]
[Date "2017.01.22"]
[Round "10.1"]
[White "Yang, Ray"]
[Black "Harris, Timothy"]
[Result "1-0"]
[WhiteElo "2011"]
[BlackElo "1636"]
[PlyCount "45"]
[EventDate "2017.??.??"]

1. d4 d5 2. c4 c6 3. Nc3 Nf6 4. e3 e6 5. Nf3 Nbd7 6. b3 Bd6 7. Be2 O-O 8. O-O
dxc4 9. bxc4 e5 10. Qc2 Qc7 11. c5 Be7 12. Bd3 Re8 13. Bb2 Bf8 14. dxe5 Nxe5
15. Nxe5 Rxe5 16. Ne4 Rh5 17. Nxf6+ gxf6 18. f4 Bxc5 19. Bxh7+ Kg7 20. Rf3
Bxe3+ 21. Rxe3 Qxf4 22. Rg3+ Rg5 23. Rf1 1-0

[Event "Australian Junior Championship U18 2017"]
[Site "?"]
[Date "2017.01.22"]
[Round "10.2"]
[White "Harris, Timothy"]
[Black "Yang, Ray"]
[Result "1/2-1/2"]
[WhiteElo "1636"]
[BlackElo "2011"]
[PlyCount "107"]
[EventDate "2017.??.??"]

1. d4 Nf6 2. Nf3 g6 3. c4 Bg7 4. Nc3 d5 5. cxd5 Nxd5 6. e4 Nxc3 7. bxc3 c5 8.
Be2 Nc6 9. Be3 O-O 10. O-O cxd4 11. cxd4 Bg4 12. Rb1 Bxf3 13. Bxf3 Nxd4 14.
Bxd4 Qxd4 15. Qxd4 Bxd4 16. Rxb7 e5 17. Bd1 Rab8 18. Rxb8 Rxb8 19. Bb3 Rc8 20.
Rb1 Bb2 21. Kf1 Rc1+ 22. Rxc1 Bxc1 23. Ke2 Bb2 24. Kd3 Kf8 25. Kc4 Ke7 26. Kc5
Bd4+ 27. Kc6 Bxf2 28. a4 Bd4 29. g4 h5 30. gxh5 gxh5 31. Bd1 h4 32. Bg4 Kf6 33.
Bf5 Kg5 34. Kd7 Kf4 35. Ke7 Kf3 36. Kxf7 Kg2 37. h3 Kf3 38. Kg6 Kf4 39. Kf6 Kf3
40. Kg5 Bf2 41. Kf6 Bd4 42. Kg5 Bf2 43. Kh5 Ke3 44. Kg4 Kd4 45. Kf3 Bg3 46. a5
a6 47. Bc8 Be1 48. Bxa6 Bxa5 49. Bb7 Be1 50. Ke2 Bg3 51. Kf3 Bf4 52. Kg4 Bg3
53. Bd5 Ke3 54. Bc6 1/2-1/2